Metodické a programové zabezpečenie využitia výpočtovej techniky vo výučbe odborných predmetov na študijnom odbore EIK záverečná správa RŠ-VII-1-06.1/10

Saved in:
Bibliographic Details
Format: Book
Language:Slovak
Published: Bratislava VŠE 1990
Tags: Add Tag
No Tags, Be the first to tag this record!

MARC

LEADER 00000nam a2200000 4500
001 c034173
005 20260325074128.1
041 0 |a slo 
044 |a SK 
245 1 0 |a Metodické a programové zabezpečenie využitia výpočtovej techniky vo výučbe odborných predmetov na študijnom odbore EIK  |b záverečná správa RŠ-VII-1-06.1/10 
264 1 |a Bratislava  |b VŠE  |c 1990 
300 |a 24 s.